000 00549nam a2200193Ia 4500
003 GCL
008 140319s9999 xx 000 0 ara d
040 _aGCL /
_cGCL
082 0 4 _a823.03
_bب ج
100 1 _aرمزى يسى
245 1 0 _aجسر السلوان /
_cرمزى يسى
700 1 _aبك، بيرل
700 1 _aمصطفى حبيب
300 _a278
490 _aالالف كتاب
_v0
650 0 4 _aالقصص الانجليزية المترجمة
650 0 4 _aالادب الانجليزى المترجم
942 _2ddc
_cBK
999 _c43626
_d43626